LEADER 00940cam0-2200313---450- 001 990004658440403321 005 20090721161218.0 035 $a000465844 035 $aFED01000465844 035 $a(Aleph)000465844FED01 035 $a000465844 100 $a19990604d1965----km-y0itay50------ba 101 0 $aeng 102 $aUS 105 $aaf--e---001yy 200 1 $aEnglish-Wappo vocabulary$fby Jesse O. Sawyer 210 $aBerkeley ; Los Angeles$cUniversity of California Press$d1965 215 $aX, 128 p., 1 c. di tav.$cill.$d26 cm 225 1 $aUniversity of California publications in linguistics$v43 610 0 $aLingua wappo$aDizionari inglesi 676 $a497.5 700 1$aSawyer,$bJesse O.$0185458 801 0$aIT$bUNINA$gRICA$2UNIMARC 901 $aBK 912 $a990004658440403321 952 $a497.5 SAW 1$bBibl.39870$fFLFBC 959 $aFLFBC 996 $aEnglish-Wappo vocabulary$9553633 997 $aUNINA LEADER 01817nam0 22004093i 450 001 SBL0211024 005 20231121125817.0 010 $a3533022374 100 $a20161114d1973 ||||0itac50 ba 101 | $alat$ager$clat 102 $ade 181 1$6z01$ai $bxxxe 182 1$6z01$an 200 1 $aStichus$fT. Maccius Plautus$gEinleitung, Text, Kommentar von Hubert Petersmann 210 $aHeidelberg$cWinter$d1973 215 $a234 p.$d25 cm 225 | $aWissenschaftliche Kommentare zu griechischen und lateinischen Schriftstellern 410 0$1001CFI0117307$12001 $aWissenschaftliche Kommentare zu griechischen und lateinischen Schriftstellern 500 10$aStichus$3UFI0206419$9CFIV005503$918523 606 $aPlauto, Tito Maccio . Stichus$xEdizioni critiche$2FIR$3RMLC426385$9E 676 $a872.01$9Poesia drammatica e letteratura drammatica latina. Periodo romano, fino al 499 ca.$v22 700 1$aPlautus$b, Titus Maccius$3CFIV005503$4070$0166580 702 1$aPetersmann$b, Hubert$3SBLV122448 790 1$aPlauto$b, Tito Maccio$3CFIV005504$zPlautus, Titus Maccius 790 0$aPlauto$3CFIV037502$zPlautus, Titus Maccius 790 1$aPlauto$b, Tito Macco$3CFIV060595$zPlautus, Titus Maccius 790 1$aPlauto$b, T. M.$3CFIV216569$zPlautus, Titus Maccius 790 1$aPlautus$b, Aulus Maccius$3SBNV005933$zPlautus, Titus Maccius 790 0$aPlautus$3SBNV036199$zPlautus, Titus Maccius 801 3$aIT$bIT-01$c20161114 850 $aIT-FR0017 899 $aBiblioteca umanistica Giorgio Aprea$bFR0017 $eN 912 $aSBL0211024 950 0$aBiblioteca umanistica Giorgio Aprea$d 52S.SIJ. LL1 Plau.Stich.Pet.$e 52AMT0000003345 VMB RS $fA $h20171010$i20171010 977 $a 52 996 $aStichus$918523 997 $aUNICAS